G.A.T.C.A. : a practical guide to global anti-tax evasion frameworks /

Bibliographic Details
Main Authors: McGill, Ross K., (Author), Haye, Christopher A., (Author), Lipo, Stuart, (Author)
Format: eBook
Language:English
Published: Cham, Switzerland : Palgrave Macmillan, 2017.
Series:Global financial markets (Houndmills, Basingstoke, England)
Subjects:
Online Access:Click to View
LEADER 01914nam a2200445 i 4500
001 EBC5115915
003 MiAaPQ
005 20200520144314.0
006 m o d |
007 cr cnu||||||||
008 180113t20172017enka o 001 0 eng d
020 |z 9783319617824 
020 |a 9783319617831 (e-book) 
035 |a (MiAaPQ)EBC5115915 
035 |a (Au-PeEL)EBL5115915 
035 |a (CaPaEBR)ebr11485229 
035 |a (OCoLC)1008868224 
040 |a MiAaPQ  |b eng  |e rda  |e pn  |c MiAaPQ  |d MiAaPQ 
050 4 |a HG4026  |b .M345 2017 
082 0 |a 658.15  |2 23 
100 1 |a McGill, Ross K.,  |e author. 
245 1 0 |a G.A.T.C.A. :  |b a practical guide to global anti-tax evasion frameworks /  |c Ross K. McGill, Christopher A. Haye, Stuart Lipo. 
264 1 |a Cham, Switzerland :  |b Palgrave Macmillan,  |c 2017. 
264 4 |c 2017 
300 |a 1 online resource (291 pages) :  |b illustrations. 
336 |a text  |2 rdacontent 
337 |a computer  |2 rdamedia 
338 |a online resource  |2 rdacarrier 
490 1 |a Global Financial Markets 
500 |a Includes index. 
588 |a Description based on print version record. 
590 |a Electronic reproduction. Ann Arbor, MI : ProQuest, 2016. Available via World Wide Web. Access may be limited to ProQuest affiliated libraries. 
650 0 |a Corporations  |x Finance. 
655 4 |a Electronic books. 
700 1 |a Haye, Christopher A.,  |e author. 
700 1 |a Lipo, Stuart,  |e author. 
776 0 8 |i Print version:  |a McGill, Ross K.  |t G.A.T.C.A. : a practical guide to global anti-tax evasion frameworks.  |d Cham, Switzerland : Palgrave Macmillan, c2017   |h xix, 291 pages   |k Global financial markets (Houndmills, Basingstoke, England)  |z 9783319617824   |w 2017947722 
797 2 |a ProQuest (Firm) 
830 0 |a Global financial markets (Houndmills, Basingstoke, England) 
856 4 0 |u https://ebookcentral.proquest.com/lib/matrademy/detail.action?docID=5115915  |z Click to View